Loading...
Science - Other Science | 0 | 5 | 2 | 2 | 40 | 103 | 125.80 | 0 | 0 |
Literature - British Literature | 0 | 3 | 0 | 0 | 30 | 136 | 149.67 | 0 | 0 |
Literature - World Literature | 1 | 1 | 0 | 0 | 25 | 45 | 85.50 | 1 | 1 |
Beliefs | 0 | 3 | 1 | 1 | 25 | 114 | 136.67 | 0 | 1 |
Literature - American Literature | 1 | 1 | 0 | 0 | 25 | 56 | 88.50 | 0 | 1 |
Science - Chemistry | 1 | 1 | 1 | 1 | 20 | 43 | 87.00 | 0 | 0 |
Social Science | 0 | 1 | 0 | 0 | 10 | 76 | 76.00 | 0 | 1 |
Fine Arts - Classical Music and Opera | 0 | 1 | 0 | 0 | 10 | 149 | 149.00 | 0 | 0 |
History - Other History | 0 | 1 | 0 | 0 | 10 | 120 | 120.00 | 0 | 0 |
Other Academic | 0 | 1 | 0 | 1 | 10 | 146 | 146.00 | 0 | 0 |
Science - Astronomy | 0 | 1 | 0 | 0 | 10 | 105 | 105.00 | 0 | 0 |
Science - Earth Science | 0 | 1 | 1 | 0 | 5 | 131 | 131.00 | 0 | 0 |
Literature - European Literature | 0 | 1 | 1 | 0 | 5 | 116 | 116.00 | 0 | 0 |
Science - Physics | 0 | 1 | 2 | 0 | 0 | 117 | 117.00 | 0 | 0 |
Philosophy | 0 | 0 | 1 | 0 | -5 | 0.00 | 0 | 0 | |
Fine Arts - Other Fine Arts | 0 | 0 | 1 | 0 | -5 | 0.00 | 0 | 0 | |
Geography | 0 | 0 | 1 | 0 | -5 | 0.00 | 0 | 0 | |
Science - Biology | 0 | 0 | 1 | 0 | -5 | 0.00 | 0 | 0 |